| 000 | 01103cam a2200277 a 4500 | ||
|---|---|---|---|
| 001 | 000010777 | ||
| 005 | 20200929162306.0 | ||
| 008 | 820412s1961 ve a 001 0 spa | ||
| 035 | _a(DLC) 55027945 | ||
| 035 | _a(OCoLC)8327635 | ||
| 040 |
_aDO-SdBNP _bspa _cFTaSU _dFTaSU _dBNPHU |
||
| 082 |
_a305.8987 _bA185e, 1961 |
||
| 100 | 1 |
_aAcosta Saignes, Miguel, _d1908. _926012 |
|
| 245 | 1 | 0 |
_aEstudios de etnología antigua de Venezuela / _cMiguel Acosta Saignes. |
| 250 | _a2a ed. | ||
| 260 |
_aCaracas, (Venezuela) : _bInstituto de Antropología y Geografía ; _bFacultad de Humanidades y Educación ; _bUniversidad Cenral de Venezuela, _c1961. |
||
| 300 |
_axxiv, 247 p. : _bil., mapa ; _c23 cm. |
||
| 490 | 1 |
_aCiencias Sociales _v2 _aEdiciones de la biblioteca _v3 |
|
| 504 | _aBibliografías: p. [267]-278. | ||
| 500 | _aIncluye índice analítico. | ||
| 650 | 4 |
_aEtnología _zVenezuela _926013 |
|
| 650 | 4 |
_aIndigenas de venezuela _xVida social y costumbres _926014 |
|
| 830 | 0 |
_aCiencias Sociales ; _v2 _pEdiciones de la biblioteca ; _v3. _926015 |
|
| 910 | _aCatalogación derivada | ||
| 049 | _aBNGR | ||
| 999 |
_c10529 _d10529 |
||